| 000 | 00560 a2200169 4500 | ||
|---|---|---|---|
| 005 | 20250523083156.0 | ||
| 020 | _a0-324-20082-X | ||
| 082 | _aLECT 579.5 AND | ||
| 100 | _aANDERSON, D. R. | ||
| 245 | _aStatistics for Business and Economics | ||
| 250 | _a9th Ed. | ||
| 260 |
_aAustralia, _bSouth-Western, _c2005. |
||
| 300 |
_axxvi, 1023p.: ill.; figure, picture, table. _bIndex. _c26cm. _eCD |
||
| 700 | _aSWEENEY, D. J. & WILLIAMS, T. A. | ||
| 856 |
_yAccess Online Book _fStatistics for Business and Economics _dhttp://www.thomsonrights.com |
||
| 942 |
_2ddc _cBKS |
||
| 999 |
_c2559 _d2559 |
||